IFM Opac

THE PRACTICE OF MODERN INTERNAL AUDITING (Record no. 20431)

MARC details
000 -LEADER
fixed length control field 00450nam a22001457a 4500
020 ## - INTERNATIONAL STANDARD BOOK NUMBER
International Standard Book Number ^0894130129
082 ## - DEWEY DECIMAL CLASSIFICATION NUMBER
Classification number 657.45 SAW
100 ## - MAIN ENTRY--PERSONAL NAME
Personal name LAWRENCE B. SAWYER
9 (RLIN) 2067
245 ## - TITLE STATEMENT
Title THE PRACTICE OF MODERN INTERNAL AUDITING
260 ## - PUBLICATION, DISTRIBUTION, ETC.
Place of publication, distribution, etc. NEWYORK
Name of publisher, distributor, etc. THE INSTITUTE OF INTERNAL AUDITORS, INC
Date of publication, distribution, etc. 1973
300 ## - PHYSICAL DESCRIPTION
Extent XX;531P
Other physical details INC.DRAWINGS AND TABLES; 22CM
500 ## - GENERAL NOTE
General note INC.INDEX,APPENDICES,
650 ## - SUBJECT ADDED ENTRY--TOPICAL TERM
Topical term or geographic name entry element APPRAISING OPERATIONS FOR MANAGEMENT
9 (RLIN) 8210
942 ## - ADDED ENTRY ELEMENTS (KOHA)
Koha item type Books
Holdings
Withdrawn status Lost status Damaged status Not for loan Collection code Home library Current library Shelving location Date acquired Source of acquisition Total Checkouts Full call number Barcode Date last seen Price effective from Koha item type
        Non-fiction IFM Main Campus Library IFM Main Campus Library Archival Collection 09/29/2021 Purchase   657.45 SAW 0000010353 08/21/2019 02/19/2022 Books